All 50k+ Cities in Azerbaijan with a Map - Statistics

General Stats
  • This quiz has been taken 1,422 times
  • The average score is 4 of 15
Answers on the Map
Answers color-coded by a green-red scale on the quiz's map according to % correct below.
 
Answer Stats
Population City % Correct
1,229,100 Baku
100%
328,400 Ganja
62%
77,400 Nakhchivan
47%
297,600 Sumqayit
47%
51,600 Lankaran
34%
78,100 Shirvan
29%
64,500 Sheki
27%
101,600 Mingechevir
23%
55,200 Stepanakert
21%
60,000 Yevlakh
20%
96,200 Khirdalan
17%
55,300 Binə
6%
73,700 Bakikhanov
3%
84,500 Garachukur
3%
52,500 Rasulzade
3%
No matching quizzes found
Score Distribution
Percent of People with Each Score
Percentile by Number Answered
Your Score History
You have not taken this quiz